| 000 | 00679cab a2200193 4500 | ||
|---|---|---|---|
| 001 | ABS36820 | ||
| 008 | 090401t1986 xxu||||| |||| 00| 0 eng d | ||
| 035 | _a(Sirsi) u467 | ||
| 041 | _aeng | ||
| 100 | _aPowell-Smith, V. | ||
| 245 | _aRole of the architect | ||
| 260 | _c1986 | ||
| 350 | _a0 | ||
| 490 |
_aContract Journal _v333(5580) 25 September 1986, p16 (1) |
||
| 520 | _aWith reference to the case Stanley Hugh Leach Ltd v Merton London Borough Council ChD 20 December 1985, this article looks at the role and functions of the architect in administering a building contract . | ||
| 690 | _aBUILT ENVIRONMENT-BUILDING CONTRACT FORMS | ||
| 942 | _n0 | ||
| 948 | _c04/03/1997 | ||
| 999 |
_c201 _d201 |
||